[Event "Titled Tue 3rd Jan Late"]
[Site "chess.com INT"]
[Date "2025.06.03"]
[Round "11"]
[White "Diaz Cesar, Wilsaida Pieranlly"]
[Black "Sobek, Jaroslav"]
[Result "0-1"]
[WhiteTitle "WFM"]
[BlackTitle "FM"]
[WhiteElo "1892"]
[BlackElo "2195"]
[WhiteFideId "6403557"]
[BlackFideId "301388"]
[EventDate "2025.06.03"]

1. e4 c5 2. Nf3 a6 3. c3 d5 4. exd5 Qxd5 5. Na3 e6 6. Bc4 Qc6 7. O-O Nd7 8. d4
Ngf6 9. Re1 Be7 10. Bf4 b5 11. Bf1 O-O 12. g3 Bb7 13. Bg2 cxd4 14. Qxd4 Bc5 15.
Qd2 Qb6 16. Nd4 Bxg2 17. Kxg2 Bxa3 18. bxa3 Rac8 19. Be3 Qb7+ 20. Kg1 Nb6 21.
Bg5 Nfd5 22. Rac1 Nc4 23. Qe2 h6 24. Bd2 Nf6 25. Qd3 Nxa3 0-1

[Event "Titled Tue 3rd Jan Late"]
[Site "chess.com INT"]
[Date "2025.06.03"]
[Round "11"]
[White "Mitrabha, Guha"]
[Black "Naroditsky, Daniel"]
[Result "0-1"]
[WhiteTitle "GM"]
[BlackTitle "GM"]
[WhiteElo "2515"]
[BlackElo "2619"]
[WhiteFideId "5057000"]
[BlackFideId "2026961"]
[EventDate "2025.06.03"]

1. Nf3 Nf6 2. c4 a5 3. g3 e6 4. Bg2 d5 5. O-O Be7 6. d3 O-O 7. Nc3 Nc6 8. Bf4 h6
9. Nb5 Ne8 10. Rc1 a4 11. cxd5 exd5 12. a3 Ra5 13. Nc3 d4 14. Nb1 Be6 15. Qe1
Rb5 16. Rc2 Bb3 17. Rxc6 bxc6 18. Ne5 Bd5 19. Nxc6 Bxc6 20. Bxc6 Rxb2 21. Nd2
Nd6 22. Qc1 Rb6 23. Bxa4 Nb5 24. Bxb5 Rxb5 25. Nc4 Qd7 26. Ne5 Qh3 27. a4 Rc5
28. Qd2 g5 29. Nf3 gxf4 30. Qxf4 Qf5 31. Qxd4 Bf6 32. Qb4 Rc2 33. Re1 Re8 34.
Kg2 Rcxe2 35. Rxe2 Rxe2 36. Qc4 c5 37. a5 Bd4 38. a6 Rxf2+ 0-1

[Event "Titled Tue 3rd Jan Late"]
[Site "chess.com INT"]
[Date "2025.06.03"]
[Round "11"]
[White "Cernov, Henrik"]
[Black "Yevchenko, Oleksandr"]
[Result "1-0"]
[WhiteTitle "FM"]
[BlackTitle "CM"]
[WhiteElo "2325"]
[BlackElo "2276"]
[WhiteFideId "16258312"]
[BlackFideId "14108267"]
[EventDate "2025.06.03"]

1. e4 c5 2. Nf3 d6 3. d4 cxd4 4. Nxd4 Nf6 5. Nc3 a6 6. Rg1 h5 7. h3 e5 8. Nb3
Be6 9. g4 hxg4 10. hxg4 d5 11. exd5 Nxd5 12. Nxd5 Qxd5 13. Qxd5 Bxd5 14. Be3 Nc6
15. O-O-O O-O-O 16. Bb6 Rd6 17. Bc5 Rd7 18. g5 Be6 19. Bg2 Rxd1+ 20. Rxd1 Bxb3
21. Bxf8 Rxf8 22. axb3 Nd4 23. Rh1 Rd8 24. Rh7 Ne2+ 25. Kb1 Rd1+ 26. Ka2 Nf4 27.
Be4 Ne6 28. Bf5 Rd7 29. g6 Kc7 30. gxf7 Rxf7 31. Bxe6 Rxf2 32. Rxg7+ Kc6 33. c4
Rd2 34. Bd5+ Kc5 35. Rxb7 Kd4 36. Re7 a5 37. Ra7 e4 38. Bxe4 Kxe4 39. Rxa5 Kd4
40. Rd5+ 1-0

[Event "Titled Tue 3rd Jan Late"]
[Site "chess.com INT"]
[Date "2025.06.03"]
[Round "11"]
[White "Popov, Konstantin"]
[Black "Toktomushev, Teimur"]
[Result "1-0"]
[WhiteTitle "FM"]
[BlackTitle "FM"]
[WhiteElo "2378"]
[BlackElo "2398"]
[WhiteFideId "34137910"]
[BlackFideId "14176726"]
[EventDate "2025.06.03"]

1. e4 c5 2. Nf3 e6 3. d4 cxd4 4. Nxd4 a6 5. Bd3 Bc5 6. Nb3 Ba7 7. O-O Ne7 8. Qe2
O-O 9. Be3 b5 10. a4 bxa4 11. Rxa4 Nbc6 12. N1d2 Qc7 13. Rfa1 Ng6 14. g3 Nge5
15. f4 Nxd3 16. cxd3 d6 17. Nc4 d5 18. Nca5 Nxa5 19. Rxa5 dxe4 20. dxe4 Rb8 21.
Nc5 Bb6 22. Nxa6 Bxa6 23. Rxa6 Bxe3+ 24. Qxe3 Rxb2 25. R6a2 Rxa2 26. Rxa2 Rb8
27. Kg2 h5 28. Kh3 g6 29. Qd4 Qc1 30. Ra7 Qf1+ 31. Kh4 Qg2 32. Kg5 Qxh2 33. Kh6
Qb2 34. Qxb2 1-0

[Event "Titled Tue 3rd Jan Late"]
[Site "chess.com INT"]
[Date "2025.06.03"]
[Round "11"]
[White "Vaganian, Rafael A"]
[Black "Shandrygin, Nikita"]
[Result "0-1"]
[WhiteTitle "GM"]
[BlackTitle "FM"]
[WhiteElo "2449"]
[BlackElo "2209"]
[WhiteFideId "13300016"]
[BlackFideId "24198668"]
[EventDate "2025.06.03"]

1. d4 d5 2. c4 Nc6 3. Nf3 Bg4 4. Nc3 e6 5. Bg5 Be7 6. Bxe7 Ngxe7 7. e3 O-O 8.
Be2 dxc4 9. Bxc4 e5 10. d5 Nb8 11. Qb3 Nd7 12. Qxb7 Rb8 13. Qa6 Bxf3 14. gxf3
Rxb2 15. Qa3 Rb6 16. Ke2 Nf5 17. Bd3 Nd6 18. Rab1 f5 19. Rxb6 axb6 20. h4 Nc5
21. Bc2 e4 22. f4 Qf6 23. Qb4 Qg6 24. Qd4 Qg2 25. Rf1 Qg4+ 26. Kd2 Qxh4 27. Ne2
Ra8 28. Rg1 g6 29. Bb1 Qxf2 30. Qf6 Nc4+ 31. Kc3 Qxe3+ 32. Kxc4 Qxe2+ 33. Kd4
Ra4+ 0-1

[Event "Titled Tue 3rd Jan Late"]
[Site "chess.com INT"]
[Date "2025.06.03"]
[Round "11"]
[White "Yanev, Tihomir"]
[Black "Robert, Yoann"]
[Result "1-0"]
[WhiteTitle "IM"]
[BlackTitle "CM"]
[WhiteElo "2354"]
[BlackElo "2198"]
[WhiteFideId "2910110"]
[BlackFideId "36018805"]
[EventDate "2025.06.03"]

1. e4 c5 2. Nc3 Nc6 3. g3 g6 4. Bg2 Bg7 5. d3 Rb8 6. f4 b5 7. Nf3 b4 8. Ne2 d6
9. O-O Nf6 10. h3 O-O 11. g4 a5 12. Be3 Ne8 13. Rb1 Nc7 14. f5 Nb5 15. Qd2 Nbd4
16. Nexd4 Nxd4 17. c3 Nxf3+ 18. Bxf3 Ba6 19. c4 a4 20. g5 Re8 21. h4 e6 22. f6
Bf8 23. h5 Bb7 24. hxg6 hxg6 25. Qh2 d5 26. Kf2 Bd6 27. Qh6 Bf8 28. Qh3 Bg7 29.
fxg7 Kxg7 30. Qh6+ Kg8 31. Rh1 1-0

[Event "Titled Tue 3rd Jan Late"]
[Site "chess.com INT"]
[Date "2025.06.03"]
[Round "11"]
[White "Bouzidi, Ahmed"]
[Black "Reinecke, Katharina"]
[Result "1-0"]
[WhiteTitle "CM"]
[BlackTitle "WCM"]
[WhiteElo "2172"]
[BlackElo "1921"]
[WhiteFideId "5501733"]
[BlackFideId "12929727"]
[EventDate "2025.06.03"]

1. e4 c6 2. d4 d5 3. Nc3 b5 4. exd5 b4 5. Nce2 cxd5 6. Nf3 Nf6 7. Ng3 e6 8. Bd3
Bd6 9. O-O O-O 10. a3 bxa3 11. b3 Ba6 12. Bxa3 Bxd3 13. Qxd3 Nc6 14. Bxd6 Qxd6
15. Ra6 Qc7 16. Qc3 Rfc8 17. Rfa1 g6 18. Qc5 Ne4 19. Nxe4 dxe4 20. Ng5 Rab8 21.
h4 Nb4 22. Qxc7 Rxc7 23. Rxa7 Rxc2 24. Nxf7 Nd3 25. Nh6+ Kh8 26. Rf7 Rcc8 27.
Raa7 Rc1+ 28. Kh2 1-0

[Event "Titled Tue 3rd Jan Late"]
[Site "chess.com INT"]
[Date "2025.06.03"]
[Round "11"]
[White "Albores, Pablo"]
[Black "Dambaev, Dashi"]
[Result "0-1"]
[WhiteTitle "CM"]
[BlackTitle "CM"]
[WhiteElo "2220"]
[BlackElo "2211"]
[WhiteFideId "105546"]
[BlackFideId "55628494"]
[EventDate "2025.06.03"]

1. c4 Nf6 2. Nc3 c5 3. g3 d5 4. cxd5 Nxd5 5. Bg2 Nc7 6. Nf3 Nc6 7. O-O e5 8. d3
Be7 9. Nd2 O-O 10. Nc4 f6 11. a4 Be6 12. Nb5 Nd5 13. Ne3 Ndb4 14. Bd2 Qd7 15.
Bc3 Rad8 16. Qc1 Na5 17. Bxb4 cxb4 18. Qc7 Nb3 19. Rad1 a6 20. Qxd7 Rxd7 21. Na7
Bc5 22. Nc6 bxc6 23. Bxc6 Rd6 24. Bb7 Nd4 25. Rfe1 b3 26. Rc1 Bb4 27. Nc4 Bxc4
28. Rxc4 Bxe1 0-1

[Event "Titled Tue 3rd Jan Late"]
[Site "chess.com INT"]
[Date "2025.06.03"]
[Round "11"]
[White "Ambartsumova, Karina"]
[Black "Deichmann, Esteban Horacio"]
[Result "1-0"]
[WhiteTitle "IM"]
[WhiteElo "2403"]
[BlackElo "2085"]
[WhiteFideId "4166299"]
[BlackFideId "167410"]
[EventDate "2025.06.03"]

1. Nf3 c5 2. c4 e6 3. Nc3 g6 4. d4 cxd4 5. Nxd4 a6 6. g3 Bg7 7. Bg2 Ne7 8. O-O
O-O 9. Bg5 f6 10. Be3 Nbc6 11. Qc2 f5 12. Rfd1 Qc7 13. Nxc6 bxc6 14. c5 Nd5 15.
Nxd5 cxd5 16. Rxd5 exd5 17. Bxd5+ Kh8 18. Bxa8 Bb7 19. Bxb7 Qxb7 20. Rd1 Rc8 21.
Bd4 d5 22. Qc3 Rg8 23. b4 g5 24. c6 Qf7 25. a4 f4 26. c7 Rc8 27. Bxg7+ Kg8 28.
Be5 fxg3 29. hxg3 Rf8 30. Qe3 Rc8 31. Qxg5+ Kf8 32. Bd6+ Ke8 33. Rxd5 Kd7 34.
Bf4+ Kc6 35. Rc5+ Kb7 36. Qd5+ Qxd5 37. Rxd5 h5 38. Rd8 h4 39. Rxc8 hxg3 40.
Rb8+ Ka7 41. c8=Q gxf2+ 42. Kxf2 1-0

[Event "Titled Tue 3rd Jan Late"]
[Site "chess.com INT"]
[Date "2025.06.03"]
[Round "11"]
[White "Panarin, Mikhail"]
[Black "Sjugirov, Sanan"]
[Result "1-0"]
[WhiteTitle "GM"]
[BlackTitle "GM"]
[WhiteElo "2562"]
[BlackElo "2638"]
[WhiteFideId "4153251"]
[BlackFideId "4189302"]
[EventDate "2025.06.03"]

1. e4 c5 2. Nf3 Nc6 3. d4 cxd4 4. Nxd4 g6 5. c4 Nf6 6. Nc3 Nxd4 7. Qxd4 d6 8. f3
Bg7 9. Be3 O-O 10. Qd2 a5 11. Na4 Nd7 12. O-O-O b6 13. Bh6 Nc5 14. Nc3 Bh8 15.
h4 Be6 16. h5 a4 17. Kb1 Nd7 18. Nd5 Bxd5 19. cxd5 a3 20. b4 e6 21. hxg6 fxg6
22. Bg5 Qe8 23. dxe6 Ne5 24. f4 Qxe6 25. fxe5 Qxe5 26. Bc4+ 1-0

[Event "Titled Tue 3rd Jan Late"]
[Site "chess.com INT"]
[Date "2025.06.03"]
[Round "11"]
[White "Erzhanov, Arman"]
[Black "Maglioni, Leonardo"]
[Result "0-1"]
[WhiteTitle "FM"]
[WhiteElo "2136"]
[BlackElo "2069"]
[WhiteFideId "4138821"]
[BlackFideId "2896830"]
[EventDate "2025.06.03"]

1. e4 e5 2. Nf3 Nc6 3. Nc3 Nf6 4. d4 exd4 5. Nxd4 Bb4 6. Nxc6 bxc6 7. Bd3 d5 8.
exd5 cxd5 9. O-O O-O 10. h3 Be6 11. Qf3 Be7 12. Bf4 c5 13. b3 Qa5 14. Bd2 Qb6
15. Rfe1 Rfe8 16. Bg5 Qb7 17. Rad1 h6 18. Bxf6 Bxf6 19. Na4 Qc6 20. c4 Rad8 21.
Bf1 Bd4 22. cxd5 Bxd5 23. Qg4 Qf6 24. Rxe8+ Rxe8 25. Qg3 h5 26. Nxc5 h4 27. Qc7
Qxf2+ 28. Kh2 Qg1# 0-1

[Event "Titled Tue 3rd Jan Late"]
[Site "chess.com INT"]
[Date "2025.06.03"]
[Round "11"]
[White "Alvarado, Carlos"]
[Black "Blackburn, Jonathan L B"]
[Result "0-1"]
[WhiteTitle "CM"]
[BlackTitle "FM"]
[WhiteElo "2032"]
[BlackElo "2200"]
[WhiteFideId "3800555"]
[BlackFideId "1801090"]
[EventDate "2025.06.03"]

1. Nf3 Nf6 2. b3 g6 3. Bb2 Bg7 4. g3 O-O 5. Bg2 d6 6. d4 c5 7. O-O Nc6 8. d5 Na5
9. c4 a6 10. Na3 Rb8 11. Nd2 b5 12. h3 Bd7 13. e4 e5 14. f4 Nh5 15. fxe5 Nxg3
16. Rf3 Nh5 17. Qe1 Qg5 18. h4 Qg4 19. Nf1 Nf4 20. Ne3 Nxg2 21. Nxg2 Qxf3 22.
Qxa5 Qe2 23. Rb1 Bh3 24. Ne1 Qg4+ 25. Kf2 Qxh4+ 26. Ke2 Qxe4+ 27. Kf2 b4 28.
Nac2 Bxe5 29. Bxe5 Qxe5 30. Rd1 Rbe8 31. Rd2 Qf4+ 32. Nf3 Bg4 33. Rd3 Bf5 0-1

[Event "Titled Tue 3rd Jan Late"]
[Site "chess.com INT"]
[Date "2025.06.03"]
[Round "11"]
[White "Fernandes, Rogerio Paulo Muller"]
[Black "Ocampos, Ian"]
[Result "0-1"]
[WhiteElo "2241"]
[BlackElo "2219"]
[WhiteFideId "2101599"]
[BlackFideId "117544"]
[EventDate "2025.06.03"]

1. c4 a6 2. g3 b5 3. Bg2 Nc6 4. cxb5 axb5 5. Nf3 g6 6. O-O Bg7 7. d4 d5 8. Bf4
b4 9. Ne5 Nxe5 10. dxe5 e6 11. Qb3 c5 12. Rd1 Qc7 13. e4 Ne7 14. exd5 exd5 15.
e6 Qc6 16. exf7+ Kxf7 17. Re1 Be6 18. Nd2 Rhe8 19. Bg5 c4 20. Qxb4 Rab8 21. Bxe7
Rxb4 22. Bxb4 Qb5 23. Bc3 d4 0-1

[Event "Titled Tue 3rd Jan Late"]
[Site "chess.com INT"]
[Date "2025.06.03"]
[Round "11"]
[White "Garcia, Jhoel"]
[Black "Tan, Zhongyi"]
[Result "0-1"]
[WhiteTitle "IM"]
[BlackTitle "GM"]
[WhiteElo "2304"]
[BlackElo "2536"]
[WhiteFideId "3801110"]
[BlackFideId "8603642"]
[EventDate "2025.06.03"]

1. Nf3 d5 2. b3 c5 3. Bb2 f6 4. e3 e5 5. d4 cxd4 6. exd4 e4 7. Nfd2 f5 8. c4 Nf6
9. Nc3 Nc6 10. Nxd5 Nxd5 11. cxd5 Nb4 12. Bc4 Nxd5 13. Nxe4 Bb4+ 14. Nd2 Qe7+
15. Qe2 Qxe2+ 16. Kxe2 Nf4+ 17. Kd1 Bd7 18. Re1+ Kd8 19. g3 Nh3 20. Re2 Re8 21.
a3 Bf8 22. d5 b5 23. Bd3 Bc5 24. Rxe8+ Kxe8 25. Bxg7 Nxf2+ 26. Kc2 Rc8 27. Re1+
Kf7 28. Bc3 Bxa3 29. Rf1 b4 30. Rxf2 Rxc3+ 31. Kb1 Rxd3 32. Nc4 Rxb3+ 33. Kc2
Rc3+ 34. Kd2 Rxc4 0-1

[Event "Titled Tue 3rd Jan Late"]
[Site "chess.com INT"]
[Date "2025.06.03"]
[Round "11"]
[White "Adewumi, Tanitoluwa"]
[Black "Tahmasebi, Hamidreza"]
[Result "1-0"]
[WhiteTitle "FM"]
[BlackTitle "FM"]
[WhiteElo "2376"]
[BlackElo "2298"]
[WhiteFideId "30966396"]
[BlackFideId "12537527"]
[EventDate "2025.06.03"]

1. Nf3 d6 2. e4 g6 3. d4 Bg7 4. Nc3 Nf6 5. Bc4 O-O 6. O-O Nxe4 7. Nxe4 d5 8. Bd3
dxe4 9. Bxe4 c6 10. Re1 Nd7 11. c3 Nf6 12. Bc2 e6 13. Bg5 h6 14. Bh4 b6 15. Ne5
Bb7 16. Qf3 g5 17. Bg3 Qe7 18. h4 c5 19. Qd3 Rfd8 20. hxg5 hxg5 21. f4 g4 22.
Bh4 cxd4 23. Nxg4 Qc5 24. Nxf6+ Kf8 25. c4 b5 26. b3 bxc4 27. bxc4 Qc6 28. Qa3+
Rd6 29. Be4 Qc7 30. Bxb7 Rd8 31. Bf3 d3 32. Rad1 d2 33. Rxd2 1-0

[Event "Titled Tue 3rd Jan Late"]
[Site "chess.com INT"]
[Date "2025.06.03"]
[Round "11"]
[White "Petrenko, Maryna"]
[Black "Omariev, Maksim"]
[Result "1-0"]
[WhiteTitle "WFM"]
[BlackTitle "FM"]
[WhiteElo "2116"]
[BlackElo "2304"]
[WhiteFideId "14197820"]
[BlackFideId "4193423"]
[EventDate "2025.06.03"]

1. d4 h5 2. Nf3 h4 3. c4 h3 4. gxh3 d6 5. Nc3 Nc6 6. Bg2 e5 7. dxe5 Nxe5 8. Nxe5
dxe5 9. Qxd8+ Kxd8 10. h4 c6 11. f4 Rxh4 12. fxe5 Rxc4 13. Bg5+ Kc7 14. O-O-O
Be6 15. e4 Bb4 16. Kc2 Bxc3 17. bxc3 Ra4 18. Kb1 Rxa2 19. Bh3 Ra4 20. Bxe6 fxe6
21. Rhf1 Rxe4 22. Rf7+ Kb6 23. Rxg7 Rxe5 24. Bd8+ Ka6 25. Rxg8 Rh5 26. Kb2 Rxh2+
27. Kb3 c5 28. Rd6+ b6 29. Rg7 e5 30. Rd1 Rh4 31. Bxh4 Kb5 32. Rc7 a5 33. c4+
Ka6 34. Rdd7 e4 35. Re7 e3 36. Rxe3 1-0

[Event "Titled Tue 3rd Jan Late"]
[Site "chess.com INT"]
[Date "2025.06.03"]
[Round "11"]
[White "Alazmi, Amani"]
[Black "Vifleemskaia, Svetlana"]
[Result "1-0"]
[WhiteTitle "WCM"]
[BlackTitle "WFM"]
[WhiteElo "1725"]
[BlackElo "1942"]
[WhiteFideId "10303553"]
[BlackFideId "4129490"]
[EventDate "2025.06.03"]

1. c4 c5 2. Nf3 Nf6 3. d4 cxd4 4. Nxd4 Nc6 5. Nc3 e5 6. Ndb5 d6 7. Bg5 a6 8.
Bxf6 gxf6 9. Na3 Be6 10. g3 h5 11. Bg2 h4 12. Qa4 Qd7 13. Nab5 hxg3 14. fxg3 Be7
15. O-O-O O-O 16. Na3 Nd4 17. Qxd7 Bxd7 18. Bxb7 Ra7 19. Bd5 Be6 20. e3 Nf5 21.
Rhe1 Rc8 22. Bxe6 fxe6 23. g4 Nh4 24. Rf1 Kg7 25. Ne4 d5 26. Ng3 Bxa3 27. bxa3
Rxc4+ 28. Kd2 Rb7 29. Rb1 Rbc7 30. Rb2 R4c6 31. e4 d4 32. Nf5+ exf5 33. gxf5 1-0

[Event "Titled Tue 3rd Jan Late"]
[Site "chess.com INT"]
[Date "2025.06.03"]
[Round "11"]
[White "Navoyan, Gagik"]
[Black "Zilberstein, Dmitry"]
[Result "0-1"]
[WhiteTitle "CM"]
[BlackTitle "IM"]
[WhiteElo "2186"]
[BlackElo "2358"]
[WhiteFideId "13314866"]
[BlackFideId "2010739"]
[EventDate "2025.06.03"]

1. e4 e5 2. Nf3 Nc6 3. d4 exd4 4. Bc4 Nf6 5. e5 d5 6. Bb5 Nd7 7. O-O Be7 8. Bxc6
bxc6 9. Nxd4 Nb8 10. Re1 O-O 11. f4 c5 12. Ne2 f6 13. c4 fxe5 14. cxd5 Bf6 15.
Nbc3 Ba6 16. Be3 Nd7 17. f5 Rb8 18. b3 Rb4 19. Ng3 Rd4 20. Bxd4 exd4 21. Nce4
Be5 22. Qg4 Nf6 23. Nxf6+ Bxf6 24. Re6 Bc8 25. Ree1 Qxd5 26. Rad1 Be5 27. Qe4
Qxe4 28. Nxe4 Bxf5 29. Nxc5 Bf4 30. Rxd4 Bd6 31. b4 h6 32. Nb7 Rb8 33. Nxd6 cxd6
34. Re7 a5 35. bxa5 Rb1+ 36. Kf2 Rb2+ 37. Kg3 Rxa2 38. Rd5 Ra3+ 39. Kf4 Bg6 40.
Rxd6 Bc2 41. Rdd7 g5+ 42. Kg4 Ra4+ 43. Kh5 Rh4# 0-1

[Event "Titled Tue 3rd Jan Late"]
[Site "chess.com INT"]
[Date "2025.06.03"]
[Round "11"]
[White "Grzesik, Gracjan"]
[Black "Baltabaev, Temirlan"]
[Result "0-1"]
[WhiteTitle "CM"]
[BlackTitle "FM"]
[WhiteElo "2175"]
[BlackElo "2295"]
[WhiteFideId "1194593"]
[BlackFideId "4112172"]
[EventDate "2025.06.03"]

1. c4 e5 2. Nc3 Nf6 3. Nf3 Nc6 4. g3 Bc5 5. Bg2 d6 6. O-O a6 7. e3 O-O 8. d4 Ba7
9. h3 h6 10. b3 Re8 11. Bb2 exd4 12. exd4 d5 13. cxd5 Nxd5 14. Nxd5 Qxd5 15. Ne5
Qd6 16. Nxc6 bxc6 17. Rc1 Bd7 18. Qc2 Re6 19. Rfe1 Rae8 20. Rxe6 Rxe6 21. d5 Rg6
22. Kh1 cxd5 23. Qxc7 Bxf2 24. Qd8+ Kh7 25. g4 d4 26. Rf1 Rf6 27. Bc1 Bh4 28.
Rxf6 Bxf6 29. Qa8 d3 30. Bd2 Qe6 31. Be4+ g6 0-1

[Event "Titled Tue 3rd Jan Late"]
[Site "chess.com INT"]
[Date "2025.06.03"]
[Round "11"]
[White "El Jawich, Amro"]
[Black "Crispin Ferreras, Darvi Abraham"]
[Result "0-1"]
[WhiteTitle "FM"]
[BlackTitle "CM"]
[WhiteElo "2307"]
[BlackElo "2124"]
[WhiteFideId "5300380"]
[BlackFideId "6402771"]
[EventDate "2025.06.03"]

1. g3 Nf6 2. Bg2 d5 3. Nf3 e6 4. O-O Be7 5. d3 O-O 6. Nbd2 b6 7. c4 Bb7 8. b3 d4
9. a3 c5 10. Qc2 Nbd7 11. Re1 e5 12. Ng5 Bxg2 13. Kxg2 h6 14. Nge4 Nxe4 15. Nxe4
f5 16. Nd2 Bg5 17. Nf3 Bxc1 18. Raxc1 Qf6 19. e3 Rae8 20. exd4 cxd4 21. Nd2 Nc5
22. b4 Ne6 23. Re2 Qg6 24. Rce1 Nf4+ 25. Kg1 Nxe2+ 26. Rxe2 Re6 27. Nf3 Rfe8 28.
c5 bxc5 29. bxc5 Qf6 30. Qc4 Kh7 31. Rc2 Rc8 32. Qd5 Qe7 33. Rc4 Rd8 34. Qxe6
Qxe6 35. c6 Qxc4 36. dxc4 e4 37. c7 Rc8 38. Nxd4 Rxc7 39. Nxf5 Rxc4 40. Nd6 Ra4
41. Kf1 Kg6 42. Ke2 Kf6 43. Ke3 Ke5 44. Nf7+ Kd5 45. Kf4 Rxa3 46. Ne5 a5 47. Nd7
Rf3+ 48. Kg4 Rxf2 49. h4 e3 50. h5 e2 51. Nb6+ Kc6 0-1

[Event "Titled Tue 3rd Jan Late"]
[Site "chess.com INT"]
[Date "2025.06.03"]
[Round "11"]
[White "Postny, Evgeny"]
[Black "Ibarra Jerez, Jose Carlos"]
[Result "0-1"]
[WhiteTitle "GM"]
[BlackTitle "GM"]
[WhiteElo "2525"]
[BlackElo "2545"]
[WhiteFideId "2804344"]
[BlackFideId "2226332"]
[EventDate "2025.06.03"]

1. Nf3 Nf6 2. c4 d6 3. d4 g6 4. Nc3 Bf5 5. g3 Ne4 6. Bg2 Nxc3 7. bxc3 Be4 8. O-O
Bg7 9. Ne1 Bxg2 10. Nxg2 O-O 11. e4 c5 12. Qd3 Qa5 13. Be3 Nc6 14. Nf4 Rac8 15.
Rfb1 b6 16. a4 Qa6 17. Rb5 cxd4 18. cxd4 e5 19. Nd5 exd4 20. Bf4 Be5 21. Qf3 Bg7
22. Bxd6 Rfd8 23. Nf6+ Kh8 24. e5 Na5 25. Be7 Nxc4 26. Bxd8 Rxd8 27. Qc6 Rc8 28.
Qd5 d3 29. Qxf7 d2 30. Rd5 Nxe5 31. Rxe5 Rc1+ 32. Kg2 Qf1+ 33. Kf3 d1=Q+ 34. Kf4
Bh6+ 0-1

[Event "Titled Tue 3rd Jan Late"]
[Site "chess.com INT"]
[Date "2025.06.03"]
[Round "11"]
[White "Dudin, Gleb"]
[Black "Gustafsson, Jan"]
[Result "1-0"]
[WhiteTitle "GM"]
[BlackTitle "GM"]
[WhiteElo "2564"]
[BlackElo "2591"]
[WhiteFideId "34184934"]
[BlackFideId "4625498"]
[EventDate "2025.06.03"]

1. Nf3 d5 2. g3 Nf6 3. Bg2 e6 4. O-O Be7 5. c4 O-O 6. b3 d4 7. Bb2 c5 8. b4 a5
9. b5 Ra7 10. d3 Bd6 11. Nbd2 e5 12. Ng5 b6 13. e3 h6 14. Nge4 Nxe4 15. Nxe4 Be7
16. Qe2 f5 17. Nd2 Bf6 18. Rae1 Re7 19. exd4 exd4 20. Qh5 Qe8 21. Bd5+ Kh7 22.
Qd1 Be6 23. Bc1 Bxd5 24. cxd5 Qxb5 25. Qf3 Rxe1 26. Rxe1 Bg5 27. Nc4 Bxc1 28.
Rxc1 Nd7 29. Re1 Nf6 30. Qxf5+ Kh8 31. Ne5 Re8 32. d6 Kg8 33. d7 Rd8 34. Qe6+
Kh7 35. Qe7 Rxd7 36. Nxd7 Nxd7 37. Qf7 1-0

[Event "Titled Tue 3rd Jan Late"]
[Site "chess.com INT"]
[Date "2025.06.03"]
[Round "11"]
[White "Becking, Stephan"]
[Black "Lacasa Diaz, Josep Anton"]
[Result "1/2-1/2"]
[WhiteTitle "IM"]
[BlackTitle "IM"]
[WhiteElo "2410"]
[BlackElo "2304"]
[WhiteFideId "4632478"]
[BlackFideId "2203375"]
[EventDate "2025.06.03"]

1. d4 Nf6 2. Nf3 e6 3. c3 b6 4. Bg5 Bb7 5. Nbd2 Be7 6. e3 c5 7. Bd3 O-O 8. O-O
h6 9. Bh4 d6 10. Rc1 Nbd7 11. Bb1 a6 12. Re1 Rc8 13. a3 b5 14. Qe2 Re8 15. Qd3
Qc7 16. h3 Nf8 17. Bxf6 Bxf6 18. Rcd1 Be7 19. e4 cxd4 20. cxd4 Qb6 21. Nf1 Rc7
22. Ng3 Rec8 23. d5 e5 24. Nf5 Ng6 25. g3 Bf8 26. h4 Ne7 27. Nxe7+ Bxe7 28. Kg2
a5 29. Nh2 b4 30. Ng4 Ba6 31. Qf3 bxa3 32. Qxa3 Qb4 33. Qxb4 axb4 34. Bd3 Bxd3
35. Rxd3 Rc2 36. Rb3 R2c4 37. Re2 h5 38. Nh2 Ra8 39. Nf3 Ra1 40. Nd2 Rd4 41. Nf3
Rc4 42. Nd2 Rd4 43. Nf3 Rc4 1/2-1/2

[Event "Titled Tue 3rd Jan Late"]
[Site "chess.com INT"]
[Date "2025.06.03"]
[Round "11"]
[White "Pereyra, Horacio"]
[Black "Orshonova, Elena"]
[Result "0-1"]
[BlackTitle "WFM"]
[WhiteElo "2133"]
[BlackElo "1948"]
[WhiteFideId "113700"]
[BlackFideId "24174750"]
[EventDate "2025.06.03"]

1. e4 e5 2. Nf3 Nc6 3. d4 exd4 4. Bc4 Nf6 5. O-O d6 6. Ng5 d5 7. exd5 Na5 8.
Bb5+ c6 9. dxc6 bxc6 10. Qf3 Qd5 11. Re1+ Be7 12. Qa3 O-O 13. Rxe7 Qxb5 14. b4
Nc4 15. Qb3 h6 16. Nf3 Be6 17. Nxd4 Qe5 18. Be3 c5 19. Rxe6 fxe6 20. Qxc4 cxd4
21. Qxd4 Qxd4 22. Bxd4 Rad8 23. c3 e5 24. Nd2 exd4 25. c4 Rfe8 26. c5 Ne4 27.
Nc4 d3 28. a4 d2 29. Ne3 Nc3 30. Kf1 Rxe3 31. fxe3 d1=Q+ 0-1

[Event "Titled Tue 3rd Jan Late"]
[Site "chess.com INT"]
[Date "2025.06.03"]
[Round "11"]
[White "Nguyen Hong Nhung"]
[Black "Ghoreishi Amiri, Seyed Kian"]
[Result "0-1"]
[WhiteTitle "WFM"]
[BlackTitle "CM"]
[WhiteElo "2197"]
[BlackElo "2215"]
[WhiteFideId "12412201"]
[BlackFideId "36757527"]
[EventDate "2025.06.03"]

1. e4 d5 2. exd5 Qxd5 3. Nc3 Qa5 4. d4 Nf6 5. Bd2 Qb6 6. Nf3 Bf5 7. Bc4 e6 8.
Bb3 Nbd7 9. Qe2 Be7 10. O-O-O O-O 11. d5 Nc5 12. Be3 Nxb3+ 13. axb3 Qa5 14. Kb1
Nxd5 15. Nxd5 exd5 16. Nd4 Bg6 17. Nb5 Bf6 18. Bd2 Qa6 19. Rhe1 c6 20. Nd6 Qb6
21. Qf3 Rad8 22. Nf5 Bxf5 23. Qxf5 a5 24. Bc1 a4 25. bxa4 Ra8 26. Qg4 d4 27. b3
Rxa4 28. Bb2 Rb4 29. Re4 c5 30. Rde1 d3 31. Rxb4 dxc2+ 32. Kxc2 cxb4 33. Bxf6
Qxf2+ 34. Re2 Qxf6 35. Qxb4 Rc8+ 36. Kb1 Qf1+ 37. Qe1 Qf5+ 38. Kb2 Qf6+ 39. Kb1
Qc6 40. Qd2 h6 41. Re3 Qg6+ 42. Kb2 Qf6+ 43. Kb1 Kh7 44. Rd3 Ra8 45. Rc3 Qf1+
46. Kb2 Qa1+ 47. Kc2 Ra2+ 48. Kd3 Rxd2+ 49. Kxd2 Qb2+ 50. Rc2 Qxb3 0-1